|
|
|
|
| LEADER |
01244nam a2200325 a 4500 |
| 001 |
29499 |
| 003 |
BD-DhAAL |
| 005 |
20150801093937.0 |
| 008 |
150801s1998 nyu b 001 0 eng |
| 010 |
|
|
|a 97018313
|
| 020 |
|
|
|a 9780415919678 (pbk)
|
| 020 |
|
|
|a 0415919673 (pbk. : alk. paper)
|
| 020 |
|
|
|a 0415919665 (alk. paper)
|
| 040 |
|
|
|a DLC
|c DLC
|d DLC
|d BD-DhAAL
|
| 050 |
0 |
0 |
|a HB90
|b .M365 1998
|
| 082 |
0 |
0 |
|a 338.9
|2 21
|
| 245 |
0 |
0 |
|a Market Socialism :
|b the debate among Socialists /
|c [edited by Bertell Ollman] ; participants, David Schweickart ... [et al.].
|
| 260 |
|
|
|a New York :
|b Routledge,
|c 1998.
|
| 300 |
|
|
|a viii, 200 p. ;
|c 24 cm.
|
| 504 |
|
|
|a Includes bibliographical references (p. [193]-195) and index.
|
| 541 |
|
|
|e 29499
|
| 650 |
|
0 |
|a Mixed economy.
|9 13379
|
| 650 |
|
0 |
|a Socialism.
|9 13380
|
| 650 |
|
0 |
|a Capitalism.
|9 13381
|
| 700 |
1 |
|
|a Ollman, Bertell.
|9 13382
|
| 700 |
1 |
|
|a Schweickart, David.
|9 13383
|
| 856 |
4 |
2 |
|3 Publisher description
|u http://www.loc.gov/catdir/enhancements/fy0651/97018313-d.html
|
| 942 |
|
|
|2 ddc
|c BK
|
| 999 |
|
|
|c 35111
|d 35111
|
| 952 |
|
|
|0 0
|1 0
|2 ddc
|4 0
|6 338_900000000000000_MAR
|7 0
|9 55050
|a BRACUL
|b BRACUL
|c GEN
|d 2015-08-01
|e Karim International
|l 0
|o 338.9 MAR
|p 3010029499
|r 2015-08-01
|t 1
|w 2015-08-01
|y BK
|